Design and Application of Transistor Schwitching Circuits /

Guardado en:
Detalles Bibliográficos
Autor principal: Delhom, Louis A (Autor)
Formato: Libro
Lenguaje:inglés
Publicado: New York : McGraw-Hill, 1968
Etiquetas: Agregar Etiqueta
Sin Etiquetas, Sea el primero en etiquetar este registro!

MARC

LEADER 00000nam a22000003a 4500
001 stu35482
005 20150617225731.7
008 920424s1968----xxu-----------------eng-d
040 |a STU  |b slo 
041 0 |a eng 
044 |a xxu 
100 1 |a Delhom, Louis A  |4 aut 
245 1 |a Design and Application of Transistor Schwitching Circuits /  |c [aut.]Louis A. Delhom 
260 |a New York :  |b McGraw-Hill,  |c 1968 
300 |a 278 s 
996 |b 284M003653  |c M*4126-1  |l MMKN  |s A  |a 24  |w stu35482_0001